Tennis Terms - Statistics

General Stats
  • This quiz has been taken 1,908 times
    1,907 since last reset
  • The average score is 9 of 10
Answer Stats
Hint Answer % Correct
When you are tied at 40 all Deuce
95%
When you are playing a match with a partner Doubles
92%
When you are playing a match without a partner Singles
91%
When you score a point on deuce Advantage
90%
When you strok the ball on your non-dominate side Backhand
90%
When you serve and they completely miss the ball Ace
89%
When you don't make the ball in twice on your serve Double Fault
89%
When you stroke the ball on your dominate side Forehand
89%
When you don't make the ball in on your serve Fault
87%
Person hitting the ball into play Server
71%
No matching quizzes found
Score Distribution
Percent of People with Each Score
Percentile by Number Answered
Your Score History
You have not taken this quiz since the last reset